[Event "62nd ch-IND 2025"]
[Site "Guntur IND"]
[Date "2025.09.23"]
[Round "3.1"]
[White "Iniyan, Pa"]
[Black "Bhoir Paras Dilip"]
[Result "1/2-1/2"]
[WhiteTitle "GM"]
[WhiteElo "2599"]
[BlackElo "2219"]
[WhiteFideId "25002767"]
[BlackFideId "25763695"]
[EventDate "2025.09.21"]

1. d4 d5 2. c4 e6 3. Nf3 Nf6 4. Nc3 c6 5. g3 dxc4 6. Bg2 b5 7. O-O Nbd7 8. e4
Be7 9. d5 b4 10. dxe6 fxe6 11. e5 bxc3 12. exf6 Bxf6 13. bxc3 O-O 14. Ba3 Re8
15. Nd4 Nb6 16. Bxc6 Bd7 17. Bxa8 Qxa8 18. Re1 e5 19. Nc2 Bc6 20. Ne3 Bf3 21.
Qc2 e4 22. Nf1 Rd8 23. Nd2 Rxd2 24. Qxd2 Qc8 25. Qd6 h6 26. g4 Be7 27. Qg6 Bxa3
28. Rad1 Qxg4+ 29. Qxg4 Bxg4 30. Rd8+ Kf7 31. Rxe4 Bf5 32. Re5 Be6 33. Ra5 Be7
34. Rd4 Nc8 35. Ra4 Nd6 36. Rxa7 Nb5 37. Rf4+ Ke8 38. Ra6 Bd5 39. Ra5 Nxc3 40.
Rxd5 Ne2+ 41. Kf1 Nxf4 42. Rd4 Ne6 43. Rxc4 Kd7 44. Kg2 Kd6 45. Kf3 Kd5 46. Rc8
Bd6 47. h3 h5 48. a4 Bc7 49. Rh8 g6 50. Rg8 Ng5+ 51. Kg2 Ne6 52. Kf3 Ng5+ 53.
Kg2 Ne6 54. h4 Bd8 55. Kf1 Bxh4 56. a5 Nd4 57. a6 Nc6 58. Rg7 Bf6 59. Rxg6 Bd4
60. Rg5+ Kc4 61. Rxh5 Nb8 62. Ra5 Ba7 63. f4 Kb4 64. Ra1 Kb5 65. f5 Nxa6 66. f6
Bc5 67. Ke2 Nc7 68. Kd3 Kc6 69. Ke4 Ne8 70. Ra6+ Bb6 71. Ke5 Nxf6 1/2-1/2

[Event "62nd ch-IND 2025"]
[Site "Guntur IND"]
[Date "2025.09.23"]
[Round "3.2"]
[White "Pattnayak, Nilsu"]
[Black "Ganguly, Surya Shekhar"]
[Result "0-1"]
[BlackTitle "GM"]
[WhiteElo "2202"]
[BlackElo "2573"]
[WhiteFideId "35043943"]
[BlackFideId "5002150"]
[EventDate "2025.09.21"]

1. e4 e5 2. Nf3 Nc6 3. Bb5 a6 4. Ba4 b5 5. Bb3 Na5 6. O-O d6 7. d4 exd4 8. Qxd4
Bb7 9. Bg5 Ne7 10. c4 h6 11. Bh4 Nxb3 12. axb3 Nc6 13. Qd5 g5 14. cxb5 axb5 15.
Rxa8 Qxa8 16. Bg3 Bg7 17. Qxb5 Ba6 18. Qa4 Qb7 19. Re1 Bb5 20. Qa1 Nb4 21. Na3
Bc6 22. e5 O-O 23. Qd1 Bxf3 24. gxf3 Nc6 25. Qd5 dxe5 26. Rc1 Nd8 27. Qxb7 Nxb7
28. Rxc7 Nd8 29. Nc4 Ne6 30. Re7 Nd4 31. Bxe5 Nxf3+ 32. Kg2 Nxe5 33. Nxe5 Bf6
34. Rxf7 Rxf7 35. Nxf7 Kxf7 36. h4 Kg6 37. f3 Kf5 38. b4 Kf4 39. b5 Bd4 40. b3
Bb6 41. b4 Be3 42. hxg5 hxg5 43. Kh1 Kxf3 44. Kh2 Bb6 0-1

[Event "62nd ch-IND 2025"]
[Site "Guntur IND"]
[Date "2025.09.23"]
[Round "3.3"]
[White "Sethuraman, S.P."]
[Black "Arnav, Agrawal"]
[Result "1-0"]
[WhiteTitle "GM"]
[WhiteElo "2572"]
[BlackElo "2191"]
[WhiteFideId "5021596"]
[BlackFideId "48779857"]
[EventDate "2025.09.21"]

1. d4 Nf6 2. c4 g6 3. Nc3 Bg7 4. e4 O-O 5. Nf3 d6 6. Be2 Na6 7. h3 e5 8. d5 Nc5
9. Qc2 a5 10. Bg5 c6 11. Nd2 Qe8 12. Be3 b6 13. O-O Bd7 14. b3 Rc8 15. dxc6 Bxc6
16. a3 Nfd7 17. Nd5 Qd8 18. Rad1 f5 19. exf5 Bxd5 20. cxd5 gxf5 21. Nc4 Ne4 22.
a4 Ndc5 23. Rfe1 Rb8 24. Bf1 Qf6 25. Bd3 Bh6 26. Bxe4 Bxe3 27. Bxf5 Bd4 28.
Bxh7+ Kh8 29. Ne3 Rb7 30. Ng4 Qf4 31. Be4 Rg7 32. Bf3 Rh7 33. Qg6 Bc3 34. Re3
Bd4 35. Qxd6 Rd7 36. Qc6 Bxe3 37. fxe3 Qg3 38. Qh6+ Kg8 39. Rf1 Rh7 40. Qg6+ Kh8
41. Qd6 Nd7 42. Be4 Rxf1+ 43. Kxf1 Rf7+ 44. Ke2 Qh4 45. Qg6 Rf8 46. Bf5 Rg8 47.
Qd6 Nc5 48. Qxe5+ Rg7 49. d6 Qd8 50. e4 Kg8 51. Qd5+ Kh8 52. e5 Rg5 53. Qf7 Qg8
54. Qf6+ Qg7 55. d7 1-0

[Event "62nd ch-IND 2025"]
[Site "Guntur IND"]
[Date "2025.09.23"]
[Round "3.4"]
[White "Prakhar Tripathi"]
[Black "Sasikiran, Krishnan"]
[Result "0-1"]
[BlackTitle "GM"]
[WhiteElo "2199"]
[BlackElo "2524"]
[WhiteFideId "25926870"]
[BlackFideId "5004985"]
[EventDate "2025.09.21"]

1. e4 c5 2. Nc3 e6 3. g3 d5 4. exd5 exd5 5. d4 cxd4 6. Qxd4 Nf6 7. Bg5 Nc6 8.
Qa4 Bb4 9. O-O-O Bxc3 10. bxc3 Qe7 11. Kb2 Be6 12. Nf3 h6 13. Qh4 O-O-O 14. Bxf6
gxf6 15. Bb5 Rd6 16. Qa4 Kb8 17. Rhe1 Rc8 18. Nd4 Nxd4 19. Rxd4 Rb6 20. Kc1 Qc5
21. Rb4 Qxc3 22. Re3 Qc5 23. a3 d4 24. Rd3 a6 25. Rbxd4 axb5 26. Rd5 bxa4 27.
Rxc5 Rxc5 0-1

[Event "62nd ch-IND 2025"]
[Site "Guntur IND"]
[Date "2025.09.23"]
[Round "3.5"]
[White "Vignesh, N R"]
[Black "Mukund Hemant Agarwal"]
[Result "1/2-1/2"]
[WhiteTitle "GM"]
[BlackTitle "CM"]
[WhiteElo "2516"]
[BlackElo "2169"]
[WhiteFideId "25012215"]
[BlackFideId "25679791"]
[EventDate "2025.09.21"]

1. Nf3 Nf6 2. c4 e6 3. g3 d5 4. Bg2 d4 5. d3 Bb4+ 6. Bd2 a5 7. O-O Nc6 8. e3 Bc5
9. exd4 Nxd4 10. Bc3 Nxf3+ 11. Qxf3 O-O 12. Na3 Bd4 13. Rfe1 e5 14. Bxd4 exd4
15. Qf4 c6 16. Nc2 c5 17. Na3 Qb6 18. Nb5 Bd7 19. a4 Bc6 20. Re7 Bxg2 21. Kxg2
Rfe8 22. Rae1 Qc6+ 23. Qf3 Qxf3+ 24. Kxf3 Kf8 25. Rxe8+ Rxe8 26. Rxe8+ Nxe8 27.
Kf4 Ke7 28. Ke5 Nf6 29. f3 Nd7+ 30. Kd5 Nb6+ 31. Kxc5 Nxa4+ 32. Kxd4 Nxb2 33.
Ke3 Na4 34. d4 Nb6 35. Kd3 Kd7 36. c5 Nd5 37. Nd6 b6 38. Nxf7 bxc5 39. dxc5 a4
40. Ne5+ Ke6 41. Nc4 Nc7 42. Kc3 Kd5 43. Nb6+ Kxc5 44. Nxa4+ Kd5 45. Nb6+ Ke5
46. Nd7+ Kf5 47. Kd4 g5 48. Nb6 h5 49. Nc4 Ne6+ 50. Kd5 Nc7+ 51. Kd4 Ne6+ 52.
Ke3 Nc7 53. Nd6+ Ke5 54. Nc4+ Kd5 55. Kd3 Ne6 56. Ne3+ Ke5 57. Ng2 Kf5 58. Ke3
Nc7 59. Kd4 Ne6+ 60. Kd5 Nc7+ 61. Kd6 Nb5+ 62. Kc5 Nc7 63. h4 gxh4 64. Nxh4+ Ke5
65. Kc4 Ne8 66. Kd3 Nd6 67. Ke2 Nb5 68. Ke3 Nd6 69. Kf2 Kf6 70. Ng2 Nf5 71. Ne3
Nd4 72. Ng2 Nf5 73. Nh4 Nd6 74. Ke3 Ke5 75. Ng6+ Kf5 76. Ne7+ Ke6 77. Nc6 Kd5
78. Nb4+ Ke5 79. Nd3+ Kf5 80. Kf2 Nb5 81. Kg2 Nd4 82. Ne1 Kg5 83. Kh3 Ne2 84.
Nd3 Ng1+ 85. Kg2 Ne2 86. Kf2 Nd4 87. Nf4 Nf5 88. Ng2 Kf6 89. f4 Nd6 90. Ne3 Ne4+
91. Kf3 Nd2+ 92. Kg2 Kg6 93. Nf1 Nxf1 94. Kxf1 Kf5 95. Kf2 h4 96. Ke3 1/2-1/2

[Event "62nd ch-IND 2025"]
[Site "Guntur IND"]
[Date "2025.09.23"]
[Round "3.6"]
[White "Navalgund, Niranjan"]
[Black "Aronyak, Ghosh"]
[Result "0-1"]
[WhiteTitle "FM"]
[BlackTitle "IM"]
[WhiteElo "2185"]
[BlackElo "2514"]
[WhiteFideId "5030854"]
[BlackFideId "25072846"]
[EventDate "2025.09.21"]

1. Nf3 Nf6 2. c4 b6 3. g3 Bb7 4. Bg2 g6 5. b3 Bg7 6. Bb2 O-O 7. O-O e6 8. e3 Qe7
9. Qe2 Rd8 10. Rd1 d5 11. cxd5 Ba6 12. d3 exd5 13. Qe1 Nbd7 14. Nc3 c6 15. Rac1
Rac8 16. Bf1 Ng4 17. d4 Bxf1 18. Qxf1 Re8 19. Qg2 h5 20. Rc2 Bh6 21. Rdc1 Qe6
22. h3 Bxe3 23. hxg4 Bxc1 24. Rxc1 hxg4 25. Nh2 Nf6 26. Rd1 Qf5 27. f3 Re3 28.
fxg4 Nxg4 29. Rf1 Qd3 30. Rd1 Qf5 31. Rf1 Qh5 32. Nd1 Qxh2+ 33. Qxh2 Nxh2 34.
Nxe3 Nxf1 35. Kxf1 f6 36. Kf2 Kf7 37. Kf3 Rh8 38. Kg2 Ke6 39. Bc3 c5 40. g4 Rh7
41. Bb2 f5 42. gxf5+ gxf5 43. Kg3 f4+ 44. Kxf4 Rh2 45. Bc3 Rf2+ 46. Kg4 Rxa2 47.
Nd1 Ra3 48. dxc5 bxc5 49. b4 d4 50. Bb2 Rd3 51. Nf2 Rd2 52. bxc5 Rxb2 53. Nd3
Rb3 54. Nf4+ Ke5 55. c6 Rc3 56. Ng6+ Ke4 57. Ne7 d3 0-1

[Event "62nd ch-IND 2025"]
[Site "Guntur IND"]
[Date "2025.09.23"]
[Round "3.7"]
[White "Gupta, Abhijeet"]
[Black "Haridev S"]
[Result "1-0"]
[WhiteTitle "GM"]
[WhiteElo "2511"]
[BlackElo "2147"]
[WhiteFideId "5010608"]
[BlackFideId "25957180"]
[EventDate "2025.09.21"]

1. c4 Nf6 2. Nc3 g6 3. e4 d6 4. d4 Bg7 5. h3 O-O 6. Be3 e5 7. d5 a5 8. g4 Na6 9.
Nge2 Ne8 10. Ng3 Bf6 11. Qd2 Bh4 12. Rg1 Kh8 13. Bd3 Nc5 14. Bc2 a4 15. O-O-O b6
16. Kb1 Ba6 17. Qe2 c6 18. dxc6 Rc8 19. Bxc5 bxc5 20. Bxa4 Qa5 21. Bb5 Nc7 22.
Rd3 d5 23. Rxd5 Ne6 24. Rd6 Nd4 25. Rd1 Bxb5 26. Qd2 Qa7 27. Nxb5 Qa8 28. Ne2
Rxc6 29. Rxc6 Qxc6 30. Nec3 f5 31. gxf5 gxf5 32. f4 Qg6 33. fxe5 f4 34. Nxd4
cxd4 35. Qxd4 f3 36. e6+ Kg8 37. e7 Bxe7 38. Nd5 Bg5 39. Rf1 f2 40. c5 Re8 41.
Nc3 Bh4 42. Qc4+ Kh8 43. c6 Qg2 44. c7 Qxh3 45. Nd5 Qg4 46. Nb6 1-0

[Event "62nd ch-IND 2025"]
[Site "Guntur IND"]
[Date "2025.09.23"]
[Round "3.8"]
[White "Abhishek, Kelkar"]
[Black "Rohith, Krishna S"]
[Result "0-1"]
[WhiteTitle "IM"]
[BlackTitle "IM"]
[WhiteElo "2172"]
[BlackElo "2503"]
[WhiteFideId "5019257"]
[BlackFideId "46617051"]
[EventDate "2025.09.21"]

1. d4 Nf6 2. c4 e6 3. Nc3 Bb4 4. f3 c5 5. d5 b5 6. e4 d6 7. Ne2 bxc4 8. Nf4 e5
9. Ne2 Nbd7 10. Ng3 Nb6 11. Be2 Ng8 12. f4 exf4 13. Bxf4 Ne7 14. Nh5 O-O 15. Qd2
f5 16. O-O Ng6 17. Bg5 Qe8 18. exf5 Rxf5 19. Rxf5 Bxf5 20. Rf1 Bd3 21. Bg4 Bxf1
22. Bf6 Nf8 23. Bxg7 Qg6 24. Kxf1 Qd3+ 25. Qxd3 cxd3 26. Be6+ Nxe6 27. dxe6 Bxc3
28. bxc3 Nd5 29. c4 Ne3+ 30. Ke1 Nxg2+ 31. Kd2 Nf4 32. Nxf4 Kxg7 33. Nd5 Re8 34.
e7 Kf7 35. Kxd3 Rg8 0-1

[Event "62nd ch-IND 2025"]
[Site "Guntur IND"]
[Date "2025.09.23"]
[Round "3.9"]
[White "Lalit Babu M R"]
[Black "Vedant Garg"]
[Result "1-0"]
[WhiteTitle "GM"]
[WhiteElo "2502"]
[BlackElo "2140"]
[WhiteFideId "5024595"]
[BlackFideId "33422362"]
[EventDate "2025.09.21"]

1. d4 Nf6 2. Bg5 c5 3. e3 cxd4 4. exd4 Ne4 5. Be3 d5 6. Bd3 Bf5 7. Nf3 e6 8. Ne5
Nc6 9. O-O Nd6 10. Na3 Be7 11. Nxc6 bxc6 12. c4 Bxd3 13. Qxd3 O-O 14. c5 Nf5 15.
Bf4 a5 16. Nc2 Bf6 17. a4 Qd7 18. Rfe1 Rfe8 19. Bd2 e5 20. dxe5 Bxe5 21. Rab1
Nh4 22. h3 Qa7 23. Qa3 Ng6 24. Bc3 Qc7 25. Bxe5 Rxe5 26. Qc3 h6 27. Nd4 Rb8 28.
b4 axb4 29. Rxb4 Rxe1+ 30. Qxe1 Ra8 31. g3 Ne5 32. Qc3 Qd7 33. Qb3 Qa7 34. Nf5
Re8 35. Nd6 Re6 36. Rb8+ Kh7 37. Qb1+ Rg6 38. h4 h5 39. Re8 f6 40. Qf5 Qxc5 41.
Qxh5+ Rh6 42. Qf5+ Rg6 43. h5 Qxd6 44. hxg6+ Nxg6 45. Qh5# 1-0

[Event "62nd ch-IND 2025"]
[Site "Guntur IND"]
[Date "2025.09.23"]
[Round "3.10"]
[White "Majumder Shrayan"]
[Black "Sengupta, Deep"]
[Result "1/2-1/2"]
[BlackTitle "GM"]
[WhiteElo "2161"]
[BlackElo "2490"]
[WhiteFideId "45040419"]
[BlackFideId "5008352"]
[EventDate "2025.09.21"]

1. e4 e6 2. Nf3 d5 3. Nc3 Nf6 4. e5 Nfd7 5. Ne2 c5 6. c3 f6 7. exf6 Nxf6 8. d4
Nc6 9. g3 Qb6 10. Bg2 Bd6 11. O-O O-O 12. Bf4 Bxf4 13. Nxf4 Qxb2 14. Nd3 Qa3 15.
Nxc5 b6 16. Qb3 Qa5 17. Nd3 Ne4 18. Nb4 Bd7 19. Nxc6 Bxc6 20. Rfe1 Rf6 21. Qb4
Qxb4 22. cxb4 Ba4 23. Ne5 Nxf2 24. Rac1 g5 25. Bf3 Nd3 26. Nxd3 Rxf3 27. Ne5
Rff8 28. Rc7 Rac8 29. Rec1 Rxc7 30. Rxc7 Bb5 31. Rxa7 h5 32. a4 Bf1 33. Ng6 Rf6
34. Nf4 gxf4 35. Kxf1 fxg3+ 36. Kg2 gxh2 37. Kxh2 Rf3 38. Rb7 Ra3 39. Rxb6 Rxa4
40. Rxe6 Rxb4 41. Re5 Rxd4 42. Rxh5 Kf7 43. Kg3 Ke6 44. Kf3 Re4 45. Rh8 Kd6 46.
Rc8 Re7 47. Rc2 Re1 48. Re2 Rd1 49. Re8 Kc5 50. Ke2 Rd4 51. Ke3 Rd1 52. Rc8+ Kb4
53. Ke2 Rd4 54. Ke3 Rc4 55. Rd8 Kc5 56. Rc8+ Kb4 57. Rd8 Kc5 58. Rc8+ Kb4 1/2-1/2

[Event "62nd ch-IND 2025"]
[Site "Guntur IND"]
[Date "2025.09.23"]
[Round "3.11"]
[White "Ajay Santhosh Parvathareddy"]
[Black "Arshpreet Singh"]
[Result "1-0"]
[WhiteTitle "FM"]
[WhiteElo "2482"]
[BlackElo "2123"]
[WhiteFideId "25998676"]
[BlackFideId "25902113"]
[EventDate "2025.09.21"]

1. e4 c5 2. Nf3 d6 3. d4 cxd4 4. Nxd4 Nf6 5. Nc3 a6 6. Bg5 Nbd7 7. Qe2 Qc7 8.
O-O-O e6 9. f4 b5 10. g4 b4 11. Nd5 exd5 12. exd5+ Be7 13. Nf5 Nb6 14. Nxg7+ Kd8
15. h3 Rg8 16. Nf5 Bxf5 17. gxf5 Nfxd5 18. Bg2 Bxg5 19. fxg5 Re8 20. Qf2 Qc4 21.
b3 Qb5 22. g6 Re2 23. Qh4+ Kd7 24. Bf1 Rc8 25. Bxe2 Qxe2 26. Rd2 Qe5 27. Qd4
Qxd4 28. Rxd4 hxg6 29. fxg6 fxg6 30. Rg1 Nc3 31. Kd2 Nbd5 32. Rg5 Rc5 33. Rxg6
Nb1+ 34. Kc1 Na3 35. Rd2 Kc7 36. Rg5 Kc6 37. h4 Nb5 38. h5 Nf6 39. Rxc5+ Kxc5
40. h6 Nc7 41. Rh2 Nh7 42. Rf2 Ne6 43. Rf7 Neg5 44. Rg7 a5 45. Kd2 Kd4 46. Ra7
Nf6 47. Kc1 d5 48. Rg7 Nfh7 49. Re7 Nf6 50. Kd2 Nfe4+ 51. Ke2 Nf6 52. Rc7 Nfh7
53. Rg7 Kc3 54. Rc7+ Kd4 55. Kd1 Nf6 56. Ra7 Ke5 57. Ke2 Kd4 58. Ra6 Ke5 59.
Rxa5 Nf7 60. Rb5 Nxh6 61. Rxb4 Nf5 62. Kd3 Nd7 63. a4 Ne7 64. Rh4 Nc6 65. Rh6
Nb4+ 66. Kc3 Na2+ 67. Kb2 Nb4 68. c3 Nd3+ 69. Ka3 N7c5 70. a5 Ne4 71. a6 Nxc3
72. Rb6 Kd4 73. a7 Kc5 74. Rb8 Nb1+ 75. Ka4 Nc3+ 76. Ka5 Ne5 77. Rc8+ 1-0

[Event "62nd ch-IND 2025"]
[Site "Guntur IND"]
[Date "2025.09.23"]
[Round "3.12"]
[White "Sangma, Rahul"]
[Black "Srihari, L R"]
[Result "0-1"]
[WhiteTitle "IM"]
[BlackTitle "GM"]
[WhiteElo "2122"]
[BlackElo "2481"]
[WhiteFideId "5013615"]
[BlackFideId "46617116"]
[EventDate "2025.09.21"]

1. e4 e6 2. d4 d5 3. Nd2 c5 4. exd5 Qxd5 5. Ngf3 cxd4 6. Bc4 Qd6 7. O-O Nf6 8.
Nb3 Nc6 9. Nbxd4 Nxd4 10. Nxd4 Be7 11. c3 O-O 12. Qe2 Bd7 13. Rd1 Qc7 14. Bg5
Nd5 15. Bxe7 Nxe7 16. Nf3 Ng6 17. Bd3 Nf4 18. Qe5 Rac8 19. Qxc7 Rxc7 20. Ne5 Ba4
21. b3 f6 22. g3 Nh3+ 23. Kg2 fxe5 24. Kxh3 Bc6 25. Rd2 Rd7 26. Rdd1 Rxf2 27.
Bc4 Bg2+ 28. Kh4 Rxd1 29. Rxd1 Bf3 30. Rd8+ Kf7 31. g4 Bc6 32. h3 h6 33. g5 Rg2
34. g6+ Rxg6 0-1

[Event "62nd ch-IND 2025"]
[Site "Guntur IND"]
[Date "2025.09.23"]
[Round "3.13"]
[White "Aarit Kapil"]
[Black "Ayush, Sharma"]
[Result "0-1"]
[WhiteTitle "CM"]
[BlackTitle "IM"]
[WhiteElo "2119"]
[BlackElo "2457"]
[WhiteFideId "33408947"]
[BlackFideId "45010943"]
[EventDate "2025.09.21"]

1. e4 e5 2. Nc3 Bc5 3. Bc4 d6 4. Nf3 Be6 5. Bxe6 fxe6 6. O-O Nc6 7. d3 Nf6 8.
Be3 Bb6 9. Bxb6 axb6 10. d4 exd4 11. Nxd4 Qd7 12. Nxc6 bxc6 13. e5 dxe5 14. Qe2
Ra5 15. a4 Qe7 16. Rab1 Qb4 17. Na2 Qe4 18. Qxe4 Nxe4 19. Rfe1 Rxa4 20. Ra1 Nd6
21. b3 Ra5 22. Nb4 Rxa1 23. Rxa1 Kd7 24. Nd3 Nf7 25. Rd1 Kc8 26. Re1 Rd8 27. f4
exf4 28. Rxe6 g5 29. Rxc6 Nd6 30. h4 Kb7 31. Rc3 Nb5 32. Rc4 Na3 33. Rc3 Nxc2
34. hxg5 Nd4 35. Nc1 Rd5 36. Rd3 c5 37. Rh3 Rxg5 38. Rxh7+ Ka6 39. Kf2 Rg3 40.
Rh3 Rg5 41. Rh4 Rf5 42. Rh6 Ka5 43. Rd6 b5 44. Rh6 Kb4 45. Rh3 Ka3 46. Ke1 f3
47. gxf3 Rxf3 48. Rh5 Nxb3 49. Nxb3 Kxb3 50. Rxc5 b4 51. Kd2 Rc3 52. Rb5 Ka3 53.
Rb7 Rc8 54. Kd3 b3 55. Kd2 Ka2 56. Kd3 b2 57. Ra7+ Kb1 58. Kd2 Rd8+ 59. Ke2 Rd5
60. Ra8 Kc2 61. Rc8+ Kb3 62. Rb8+ Kc3 63. Rxb2 Kxb2 64. Kf1 Rd2 65. Kg1 Kc3 66.
Kh1 Kd3 67. Kg1 Ke3 68. Kh1 Kf3 69. Kg1 Rd1+ 70. Kh2 Re1 71. Kh3 Rh1# 0-1

[Event "62nd ch-IND 2025"]
[Site "Guntur IND"]
[Date "2025.09.23"]
[Round "3.14"]
[White "Vignesh Advaith Vemula"]
[Black "Jihan Tejas Shah"]
[Result "1/2-1/2"]
[WhiteElo "2431"]
[BlackElo "2109"]
[WhiteFideId "25792059"]
[BlackFideId "33370109"]
[EventDate "2025.09.21"]

1. e4 c5 2. Nf3 Nc6 3. Bb5 g6 4. O-O Bg7 5. Bxc6 dxc6 6. d3 Nf6 7. Re1 O-O 8. h3
Ne8 9. e5 Nc7 10. Nc3 Ne6 11. Ne4 b6 12. Bd2 h6 13. Qe2 f5 14. exf6 exf6 15. Ng3
f5 16. Bc3 Nd4 17. Bxd4 cxd4 18. Qe7 Qxe7 19. Rxe7 Rf7 20. Re8+ Rf8 21. Re7 Rf7
22. Rae1 Bd7 23. Nh4 Bf6 24. Rxd7 Rxd7 25. Nxg6 Kh7 26. Nf4 Rf7 27. Re6 Bg5 28.
Ngh5 Bxf4 29. Nxf4 c5 30. Kf1 Rc8 31. Ke2 Rg8 32. Kf3 Rc8 33. b3 b5 34. Rd6 c4
35. bxc4 bxc4 36. Rxd4 cxd3 37. cxd3 Rc2 38. Ra4 Rb7 39. g4 fxg4+ 40. hxg4 Kg8
41. d4 Rbb2 42. a3 Rxf2+ 43. Ke3 Rf1 44. Rxa7 Rb3+ 45. Ke4 Rg3 46. Ra8+ Kf7 47.
Ra7+ Kg8 48. Ra8+ Kf7 49. Ra7+ Kg8 50. Ra8+ 1/2-1/2

[Event "62nd ch-IND 2025"]
[Site "Guntur IND"]
[Date "2025.09.23"]
[Round "3.15"]
[White "Gaikwad Manas"]
[Black "Audi, Ameya"]
[Result "0-1"]
[BlackTitle "IM"]
[WhiteElo "2112"]
[BlackElo "2430"]
[WhiteFideId "25912410"]
[BlackFideId "25034430"]
[EventDate "2025.09.21"]

1. e4 e5 2. Nf3 Nc6 3. Bc4 Bc5 4. c3 Nf6 5. d3 a5 6. O-O d6 7. Re1 O-O 8. Nbd2
Be6 9. Bb5 Ba7 10. Bxc6 bxc6 11. d4 Re8 12. h3 exd4 13. cxd4 d5 14. e5 Nd7 15.
Nb3 Bb6 16. Be3 f6 17. Rc1 a4 18. Nbd2 fxe5 19. Rxc6 e4 20. Ng5 Bf5 21. g4 Bg6
22. f4 exf3 23. Ndxf3 Nf8 24. Bf4 Qd7 25. Rxb6 Rxe1+ 26. Qxe1 cxb6 27. Ne5 Qb5
28. Nxg6 hxg6 29. Qe7 Qd7 30. Qe2 Re8 31. Be5 Ne6 32. Nf3 Qc6 33. Qd3 Rc8 34.
Ne1 Qc1 35. Bg3 Nf4 36. Qf3 Re8 37. Kf1 Re3 38. Qf2 Qc4+ 0-1

[Event "62nd ch-IND 2025"]
[Site "Guntur IND"]
[Date "2025.09.23"]
[Round "3.16"]
[White "Goutham Krishna H"]
[Black "Arush A"]
[Result "1-0"]
[WhiteTitle "IM"]
[WhiteElo "2418"]
[BlackElo "2105"]
[WhiteFideId "25983504"]
[BlackFideId "48725170"]
[EventDate "2025.09.21"]

1. Nf3 d5 2. c4 e6 3. e3 Nf6 4. Nc3 Be7 5. b3 O-O 6. Bb2 b6 7. g3 Bb7 8. Bg2 c5
9. O-O Nc6 10. cxd5 exd5 11. d4 Re8 12. Rc1 Bf8 13. Re1 h6 14. Re2 cxd4 15. Nxd4
Nxd4 16. Qxd4 Ne4 17. Nb5 Nc5 18. Rd2 a6 19. Nc3 Ne4 20. Nxe4 dxe4 21. Bh3 Qxd4
22. Bxd4 Red8 23. Rc7 Rab8 24. Rd7 Rxd7 25. Bxd7 b5 26. Rc2 Bd6 27. Bc6 Ba8 28.
Bxa8 Rxa8 29. Rc6 Be7 30. a4 bxa4 31. bxa4 Bb4 32. g4 a5 33. Kg2 Rb8 34. Kg3 Be1
35. Rc1 Bd2 36. Rc2 Bb4 37. Kf4 Re8 38. Rc6 Be1 39. Rc5 Bb4 40. Rc6 Be1 41. Kg3
Rb8 42. Rc1 Bd2 43. Rc2 Bb4 44. h4 Bd6+ 45. Kh3 Rb1 46. Rc6 Be7 47. Rc8+ Kh7 48.
Rc7 Bf8 49. Rxf7 Kg8 50. Ra7 Rh1+ 51. Kg3 Rg1+ 52. Kf4 Rg2 53. Rxa5 Rxf2+ 54.
Kxe4 Rh2 55. h5 Rg2 56. Kf3 Ra2 57. Ra7 Ra3 58. a5 Ra2 59. a6 Ra4 60. Ra8 1-0

[Event "62nd ch-IND 2025"]
[Site "Guntur IND"]
[Date "2025.09.23"]
[Round "3.17"]
[White "Aadik Theophane Lenin"]
[Black "Soham, Kamotra"]
[Result "1-0"]
[BlackTitle "IM"]
[WhiteElo "2108"]
[BlackElo "2414"]
[WhiteFideId "33362041"]
[BlackFideId "46647490"]
[EventDate "2025.09.21"]

1. d4 Nf6 2. c4 e6 3. Nc3 Bb4 4. e3 b6 5. Ne2 Ne4 6. f3 Nxc3 7. bxc3 Be7 8. e4
Nc6 9. Ng3 Na5 10. Bd3 Ba6 11. Qe2 c5 12. d5 Qc7 13. f4 O-O-O 14. O-O Bb7 15.
Bd2 g6 16. f5 Bd6 17. Bg5 Rde8 18. fxe6 fxe6 19. Bf6 Rhf8 20. e5 exd5 21. Rae1
dxc4 22. Be4 Bxe4 23. exd6 Qxd6 24. Nxe4 Qc6 25. Be7 Rxf1+ 26. Qxf1 Nb7 27. Qf7
d5 28. Nf6 1-0

[Event "62nd ch-IND 2025"]
[Site "Guntur IND"]
[Date "2025.09.23"]
[Round "3.18"]
[White "Ravi, Teja S."]
[Black "Gyana, Sai Santhosh M"]
[Result "1/2-1/2"]
[WhiteTitle "IM"]
[WhiteElo "2410"]
[BlackElo "2098"]
[WhiteFideId "5017220"]
[BlackFideId "25611135"]
[EventDate "2025.09.21"]

1. Nf3 d5 2. e3 Nf6 3. c4 e6 4. Nc3 Nbd7 5. b3 b6 6. cxd5 exd5 7. Bb5 Bb7 8. Ne5
Bd6 9. Bc6 Bxe5 10. Bxb7 Rb8 11. Bc6 O-O 12. d4 Bd6 13. O-O Qe7 14. g3 Qe6 15.
Qf3 Ne5 16. dxe5 Bxe5 17. Nxd5 Bxa1 18. Ba3 Nxd5 19. Bxd5 Qf6 20. Bxf8 Rxf8 21.
Rd1 Rd8 22. Bc4 Rxd1+ 23. Qxd1 Bc3 24. Qd7 g6 25. Qxc7 Be1 26. f4 b5 27. Qb8+
Kg7 28. Qxb5 Qb2 29. Qe5+ Qxe5 30. fxe5 Bc3 31. e6 fxe6 32. Bxe6 Kf6 33. Bg8 h5
34. h3 g5 35. g4 hxg4 36. hxg4 Ke5 37. Kf2 Kd6 38. Kf3 Kc5 39. Ke4 Bd2 40. Kd3
Bc1 41. Bf7 a5 42. Be8 Kd5 43. Bd7 Bb2 44. Bb5 Ba3 45. Bc4+ Kc5 46. Kc2 Bb4 47.
Bf7 Ba3 48. Bg6 Bb4 49. Kd3 Ba3 50. Kc2 Bb4 51. Kb2 Bd2 52. e4 Bb4 53. a3 Be1
54. b4+ axb4 55. a4 b3 56. Bf7 Kd4 57. Kxb3 Bd2 1/2-1/2

[Event "62nd ch-IND 2025"]
[Site "Guntur IND"]
[Date "2025.09.23"]
[Round "3.19"]
[White "Jain, Kashish Manoj"]
[Black "Alluri Bhaskara Ratna Shanmukha Reddy"]
[Result "1-0"]
[WhiteTitle "IM"]
[WhiteElo "2398"]
[BlackElo "2097"]
[WhiteFideId "35081098"]
[BlackFideId "33325855"]
[EventDate "2025.09.21"]

1. e4 c5 2. Nf3 d6 3. d4 cxd4 4. Nxd4 Nf6 5. Nc3 g6 6. Be3 Bg7 7. f3 O-O 8. Qd2
Nc6 9. O-O-O Nxd4 10. Bxd4 Be6 11. g4 Qa5 12. a3 Rfc8 13. h4 Rab8 14. h5 b5 15.
hxg6 hxg6 16. Nd5 Qxd2+ 17. Rxd2 Nxd5 18. exd5 Bxd4 19. Rxd4 Bd7 20. g5 e5 21.
dxe6 Bxe6 22. Rxd6 Rc5 23. f4 Kg7 24. Rd4 Re8 25. Kd2 Bc4 26. Bxc4 bxc4 27. Rh3
Re7 28. Kc3 Rec7 29. Rd8 f6 30. Rdh8 fxg5 31. fxg5 Kf7 32. R3h7+ Ke6 33. Rxc7
Rxc7 34. Rf8 Kd5 35. Rf4 Rc5 36. Rf6 1-0

[Event "62nd ch-IND 2025"]
[Site "Guntur IND"]
[Date "2025.09.23"]
[Round "3.20"]
[White "Ayaan Garg"]
[Black "Aaditya, Dhingra"]
[Result "0-1"]
[BlackTitle "IM"]
[WhiteElo "2091"]
[BlackElo "2391"]
[WhiteFideId "25182242"]
[BlackFideId "25678191"]
[EventDate "2025.09.21"]

1. d4 d5 2. c4 e6 3. Nf3 Nf6 4. Nc3 c6 5. Bg5 Nbd7 6. e3 Qa5 7. Nd2 Bb4 8. Qc2
c5 9. Bxf6 Nxf6 10. Nb3 Bxc3+ 11. Qxc3 Qxc3+ 12. bxc3 cxd4 13. cxd4 dxc4 14.
Bxc4 Ke7 15. f3 Bd7 16. Kf2 b6 17. Rhc1 a5 18. Nd2 Rhc8 19. Bd3 Nd5 20. Be4 Rab8
21. Bxd5 exd5 22. Rab1 Rxc1 23. Rxc1 Be6 24. Ke2 Kd6 25. Nb1 b5 26. Rc5 a4 27.
Nc3 b4 28. Nb5+ Ke7 29. Kd2 Rc8 30. Nc7 Rb8 31. Nxe6 fxe6 32. Kc1 b3 33. Kb1
bxa2+ 34. Kxa2 Rb3 35. e4 dxe4 36. fxe4 Rd3 37. Rc7+ Kf6 38. e5+ Kg6 39. Re7
Rxd4 40. Rxe6+ Kf7 41. Rb6 Rd2+ 42. Ka3 Rxg2 43. h4 Re2 44. Kxa4 Rxe5 45. Kb3
Re3+ 46. Kc2 Rh3 47. Rb4 Kg6 48. Rg4+ Kh6 49. Kd2 g6 50. Ra4 Kh5 51. Ra7 h6 52.
Ke2 Rxh4 53. Kf3 Rh3+ 54. Kg2 Rc3 55. Ra1 g5 56. Rh1+ Kg6 57. Ra1 Rc6 58. Kg3 h5
59. Ra4 Rc3+ 60. Kg2 h4 61. Ra8 Kh5 62. Ra4 Rc2+ 63. Kg1 h3 64. Ra3 Kh4 65. Kh1
g4 66. Ra1 Rc4 67. Rb1 g3 68. Rg1 Rf4 69. Ra1 h2 70. Kg2 Rf2+ 71. Kh1 Kh3 0-1